Getting started with Lotus 1-2-3 Release 2.2

Bibliographic Details
Main Author: Murphy, Jerry
Format: Book
Published: New York : John Wiley and Sons , 1991
Subjects:

MARC

LEADER 00000cam a2200000 7i4500
001 0000005102
002 000005511
005 20000330.0
020 |a 0471533815 
090 0 0 |a 650.02855369   |b MUR 
100 1 |a Murphy, Jerry 
245 1 0 |a Getting started with Lotus 1-2-3 Release 2.2   |c Jerry Murphy and Larry W.Potter 
260 |a New York :   |b John Wiley and Sons ,   |c 1991 
300 |a 173p. ;   |c 25cm. 
650 0 0 |a Lotus 1-2-3 release 2.2 
999 |a 037603   |b BUKU   |c PINJAMAN   |e PERPUSTAKAAN KOMUNITI PETALING JAYA